| 000 | 01622cam a22002294a 4500 | ||
|---|---|---|---|
| 005 | 20250605163947.0 | ||
| 008 | 250528s ||||||||||||||||||||||||d | ||
| 035 | _a15254 | ||
| 020 | _a9602099259 | ||
| 040 |
_aGR-AtMCL _bgre _dGR-AtMCL _eAACR2 |
||
| 245 | 1 | _aΜάρκετινγκ Μάνατζμεντ / Δωδέκατη Αμερικανική Έκδοση | |
| 250 | _a12η | ||
| 260 |
_bΚλειδάριθμος, _c2006 |
||
| 300 | _a898 | ||
| 505 | 0 | _aΠρόλογος, Κατανόηση της Διοίκησης Μάρκετινγκ, Απόκτηση Διορατικότητας στο Μάρκετινγκ, Διασύνδεση με τους Πελάτες, Χτίσιμο Ισχυρών Επωνυμιών, Διαμόρφωση της Προσφοράς στην Αγορά, Παροχή Αξίας, Επικοινωνία της Αξίας, Πετυχημένη Μακροπρόθεσμη Ανάπτυξη, Γλωσσάρι, Ευρετήριο Όρων. | |
| 520 | _aΠρόλογος, Κατανόηση της Διοίκησης Μάρκετινγκ, Απόκτηση Διορατικότητας στο Μάρκετινγκ, Διασύνδεση με τους Πελάτες, Χτίσιμο Ισχυρών Επωνυμιών, Διαμόρφωση της Προσφοράς στην Αγορά, Παροχή Αξίας, Επικοινωνία της Αξίας, Πετυχημένη Μακροπρόθεσμη Ανάπτυξη, Γλωσσάρι, Ευρετήριο Όρων. | ||
| 700 | 1 |
_aKeller Kevin Lane _91145 |
|
| 700 | 1 |
_aKotler Philip _91146 |
|
| 942 | _cBK | ||
| 999 |
_c847 _d847 |
||